00487nam a2200193 a 4500001001300000003000900013005001700022008004100039020002300080082001500103100001700118245002700135260003600162300000900198500003500207505001000242650002400252700001700276nice12345678IN_TiNIC20260116013605.0050524s1983 newa grp 000 0 eng  a0139062 c18800a200.1bHIC aHick, John H aPhilosophy of Religion aNew JerseybPrentice-Hallc1983 a148p aincludes index and biblioraphy2 aIndex aReligion-Philosophy1 aHick, John H